Retrouver les 24 pays qualifiés pour la Coupe du Monde des moins de 20 ans "Corée du sud 2017" - Statistiques

Statistiques générales
  • Ce quiz a été pris 84 fois
  • Le résultat moyen est 14 sur 24
Statistiques - réponses
Answer9 % Correct
France
97%
Allemagne
91%
Italie
91%
Etats-Unis
88%
Japon
88%
Portugal
83%
Argentine
81%
Mexique
81%
Corée du sud
79%
Angleterre
78%
Uruguay
68%
Afrique du sud
62%
Iran
55%
Nouvelle-Zélande
51%
Sénégal
51%
Arabie Saoudite
37%
Equateur
37%
Costa Rica
36%
Venezuela
35%
Honduras
31%
Zambie
21%
Viêt Nam
18%
Guinée
14%
Vanuatu
9%
Aucun quiz correspondant
Distribution des résultats
% des personnes avec chaque résultat
Percentile par nombre de réponses
Votre historique - résultats
Vous n’avez pas pris ce quiz